Теория вероятностей и математическая статистика для инженерно-технических направлений: учебник и практикум для прикладного бакалавриата

Detalles Bibliográficos
Autor Principal: Энатская Н. Ю. Наталия Юрьевна
Autor Corporativo: Высшая школа экономики (ВШЭ) Национальный исследовательский университет (НИУ)
Outros autores: Хакимуллин Е. Р. Евгений Робертович
Summary:Учебник представляет три вероятностные дисциплины: теорию вероят­ностей, математическую статистику и случайные процессы, составляющие основу вероятностного образования студентов. По каждой дисциплине изложены основные теоретические вопросы и приведены многочисленные примеры и задачи для иллюстрации теории и пояснения ее практического использования. Кроме решенных задач по всем главам учебника предложены задачи для самостоятельного решения и теоретические вопросы для само­контроля понимания материала.Учебник соответствует актуальным требованиям Федерального государ­ственного образовательного стандарта высшего образования.Для студентов инженерно-технических специальностей.
Idioma:ruso
Publicado: Москва, Юрайт, 2015
Series:Бакалавр. Прикладной курс
Subjects:
Formato: MixedMaterials Libro
KOHA link:https://koha.lib.tpu.ru/cgi-bin/koha/opac-detail.pl?biblionumber=275861

MARC

LEADER 00000nam0a2200000 4500
001 275861
005 20231101234851.0
010 |a 9785991641760 
035 |a (RuTPU)RU\TPU\book\299114 
090 |a 275861 
100 |a 20141117d2015 m y0rusy50 ca 
101 0 |a rus 
102 |a RU 
105 |a a j 001zy 
200 1 |a Теория вероятностей и математическая статистика для инженерно-технических направлений  |e учебник и практикум для прикладного бакалавриата  |f Н. Ю. Энатская, Е. Р. Хакимуллин  |g Высшая школа экономики (ВШЭ), Национальный исследовательский университет (НИУ) 
210 |a Москва  |c Юрайт  |d 2015 
215 |a 399 с.  |c ил. 
225 1 |a Бакалавр. Прикладной курс 
320 |a Библиогр.: с. 377. 
330 |a Учебник представляет три вероятностные дисциплины: теорию вероят­ностей, математическую статистику и случайные процессы, составляющие основу вероятностного образования студентов. По каждой дисциплине изложены основные теоретические вопросы и приведены многочисленные примеры и задачи для иллюстрации теории и пояснения ее практического использования. Кроме решенных задач по всем главам учебника предложены задачи для самостоятельного решения и теоретические вопросы для само­контроля понимания материала.Учебник соответствует актуальным требованиям Федерального государ­ственного образовательного стандарта высшего образования.Для студентов инженерно-технических специальностей. 
606 1 |a Вероятностей теория и математическая статистика  |2 stltpush  |3 (RuTPU)RU\TPU\subj\2260  |9 30847 
610 1 |a вероятности 
610 1 |a случайные события 
610 1 |a случайные величины 
610 1 |a законы распределения 
610 1 |a предельные теоремы 
610 1 |a непараметрические задачи 
610 1 |a оценивание 
610 1 |a случайные процессы 
610 1 |a цепи Маркова 
610 1 |a ветвящиеся процессы 
610 1 |a пуассоновские процессы 
610 1 |a числовые характеристики 
610 1 |a линейные преобразования 
610 1 |a учебники 
610 1 |a практикумы 
675 |a 519.2(075.8)  |v 4 
700 1 |a Энатская  |b Н. Ю.  |g Наталия Юрьевна 
701 1 |a Хакимуллин  |b Е. Р.  |g Евгений Робертович 
712 0 2 |a Высшая школа экономики (ВШЭ)  |b Национальный исследовательский университет (НИУ)  |c (Москва)  |c (2010- )  |2 stltpush  |3 (RuTPU)RU\TPU\col\17951 
801 1 |a RU  |b 63413507  |c 20141117 
801 2 |a RU  |b 63413507  |c 20150703  |g RCR 
942 |c BK 
959 |a 129/20140919  |d 7  |e 449,90  |f ЧЗТЛ:1  |f АНЛ:1  |f УФ:5